00988cam a2200289 a 450000100090000000300040000900500170001300800410003001000170007102000250008802000260011304000180013905000230015708200140018024500730019425000160026726000390028330000360032250400640035865000180042270000240044070000290046490600450049394200120053899900190055095201290056915636274OSt20180116192431.0090224s2009 enka b 001 0 eng  a 2009008156 a9781847882363 (pbk.) a9781847882370 (cloth) aDLCcDLCdDLC00aNK1510b.D477 200900a745.422200aDesign studies :ba reader /cedited by Hazel Clark and David Brody. aEnglish ed. aOxford ;aNew York :bBerg,c2009. axxiii, 572 p. :bill. ;c25 cm. aIncludes bibliographical references (p. 533-560) and index. 0aDesign.982331 aClark, Hazel.982341 aBrody, David Eric.98235 a7bcbccorignewd1eecipf20gy-gencatlg 2ddccBK c354115d354115 00102ddc4070aSADAbSADAd2016-03-30l2o745.4 DES 2009pSADA0002519r2016-05-05s2016-04-28t01v2709.22w2016-03-30yBK